[Event "Hastings Masters op"]
[Site "Hastings"]
[Date "2023.01.01"]
[Round "5"]
[White "Byrn, Carsten"]
[Black "Banerjee, Supratit"]
[Result "0-1"]
[WhiteElo "1875"]
[BlackElo "1541"]
[PlyCount "122"]
[EventDate "2022.12.28"]
[EventType "swiss"]
[EventRounds "10"]
[EventCountry "ENG"]
[SourceTitle "CBM 212 Extra"]
[Source "ChessBase"]
[SourceDate "2023.03.31"]
[SourceVersion "1"]
[SourceVersionDate "2023.03.31"]
[SourceQuality "1"]

1. d4 Nf6 2. c4 e6 3. Nc3 d5 4. Nf3 b6 5. Bf4 Bb7 6. e3 a6 7. h3 Nbd7 8. a3 Be7 9. Rc1 Rc8 10. cxd5 exd5 11. Ne5 0-0 12. Bd3 c5 13. g4 Ne4 14. 0-0 Nxe5 15. Bxe5 Bf6 16. Bxf6 Qxf6 17. Kg2 cxd4 18. exd4 Kh8 19. f3 Ng5 20. Bf5 Ne6 21. Bxe6 fxe6 22. Qd3 h6 23. Rce1 Rf7 24. Re5 Rcf8 25. Qe3 Bc8 26. Ne2 Bd7 27. Ng3 Qf4 28. Nh5 Qxe3 29. Rxe3 g6 30. Ng3 Rc8 31. Rc3 Rxc3 32. bxc3 Kg7 33. Re1 Bc8 34. Ne2 Rc7 35. Rb1 b5 36. Rb3 Bd7 37. Kf2 Kf6 38. f4 a5 39. Ke3 g5 40. Kd2 Rc4 41. Rb1 Ra4 42. Rb3 Rc4 43. fxg5+ Kxg5 44. Ke3 Kh4 45. Kf3 Kxh3 46. Rb1 Kh4 47. Kf4 e5+ 48. Kxe5 Bxg4 49. Nf4 Rxc3 50. Rxb5 Kg3 51. Nxd5 Rxa3 52. Nf6 Re3+ 53. Kd5 a4 54. Kc5 a3 55. Ra5 h5 56. Kb4 h4 57. Rg5 a2 58. Nxg4 a1Q 59. Nxe3+ Kf4 60. Rg4+ Kxe3 61. Rxh4 Qe1+ 0-1

[Event "Hastings Masters op 94th"]
[Site "Hastings"]
[Date "2018.12.29"]
[Round "2"]
[White "Byrn, Carsten"]
[Black "Sumit, Kumar1111"]
[Result "0-1"]
[WhiteElo "1961"]
[BlackElo "2219"]
[PlyCount "102"]
[EventDate "2018.12.28"]
[EventType "swiss"]
[EventRounds "10"]
[EventCountry "ENG"]
[SourceTitle "CBM 188 Extra"]
[Source "ChessBase"]
[SourceDate "2019.02.26"]
[SourceVersion "1"]
[SourceVersionDate "2019.02.26"]
[SourceQuality "1"]

1. c4 e5 2. g3 Nf6 3. Bg2 h6 4. Nc3 Bb4 5. Nd5 Nxd5 6. cxd5 0-0 7. a3 Be7 8. e3 c6 9. Ne2 d6 10. 0-0 c5 11. d4 exd4 12. exd4 b6 13. b4 Bf6 14. Bb2 Nd7 15. Qd2 cxb4 16. Qxb4 Be7 17. Rac1 Bb7 18. Rc2 Rc8 19. Rfc1 Rxc2 20. Rxc2 Qb8 21. Qb3 Nf6 22. Nc1 Rc8 23. Rc6 Bxc6 24. dxc6 d5 25. Bxd5 Nxd5 26. Qxd5 Qc7 27. Qe4 Bf6 28. Nd3 Qxc6 29. d5 Qe8 30. Qxe8+ Rxe8 31. Bxf6 gxf6 32. Kg2 Re5 33. Nxe5 fxe5 34. Kf3 Kg7 35. Ke4 Kf6 36. f4 exf4 37. Kxf4 b5 38. h4 a5 39. g4 b4 40. g5+ hxg5+ 41. hxg5+ Ke7 42. axb4 axb4 43. Ke5 b3 44. d6+ Ke8 45. Kf6 b2 46. d7+ Kxd7 47. Kxf7 b1Q 48. g6 Qf5+ 49. Kg7 Ke7 50. Kh8 Qf8+ 51. Kh7 Kf6 0-1

[Event "Gibraltar Masters 13th"]
[Site "Caleta"]
[Date "2015.02.04"]
[Round "9"]
[White "Byrn, Carsten"]
[Black "Mahoney, Ian"]
[Result "1/2-1/2"]
[WhiteElo "2044"]
[BlackElo "1838"]
[PlyCount "106"]
[EventDate "2015.01.27"]
[EventType "swiss"]
[EventRounds "10"]
[EventCountry "GGB"]
[SourceTitle "CBM 165"]
[Source "ChessBase"]
[SourceDate "2015.03.11"]
[SourceVersion "1"]
[SourceVersionDate "2015.03.11"]
[SourceQuality "1"]

1. d4 Nf6 2. c4 e6 3. Nc3 Bb4 4. f3 d5 5. a3 Bxc3+ 6. bxc3 0-0 7. cxd5 exd5 8. e3 b6 9. Ra2 c5 10. Bd3 Ba6 11. Bb1 Nh5 12. Qc2 g6 13. Qf2 Qc7 14. g4 Nf6 15. Qg3 Qc6 16. Ne2 Bxe2 17. Kxe2 Qb5+ 18. Bd3 Qb3 19. Rb2 Qxc3 20. Rc2 Qa5 21. dxc5 bxc5 22. Bd2 Qxa3 23. Rc3 Qa2 24. Rxc5 Nbd7 25. Rc2 Qb3 26. Rhc1 d4 27. e4 Nb6 28. Qd6 Nfd5 29. exd5 Rfe8+ 30. Kf2 Qxd3 31. Bh6 g5 32. Bxg5 Qg6 33. Qxg6+ hxg6 34. d6 Nd7 35. Rd2 f6 36. Bf4 g5 37. Bg3 Ne5 38. Rxd4 Kf7 39. d7 Red8 40. Bxe5 fxe5 41. Rd5 a5 42. Rxe5 Rxd7 43. Rxg5 Rd2+ 44. Kg3 a4 45. Rcc5 a3 46. Ra5 Rdd8 47. Rgf5+ Kg6 48. Rg5+ Kf6 49. Rgf5+ Kg6 50. Rg5+ Kf6 51. Raf5+ Ke6 52. Re5+ Kf6 53. Rgf5+ Kg6 1/2-1/2

[Event "Gibraltar Challengers-B 13th"]
[Site "Caleta"]
[Date "2015.02.02"]
[Round "3"]
[White "Wiedersich, Jens"]
[Black "Byrn, Carsten"]
[Result "1/2-1/2"]
[WhiteElo "2125"]
[BlackElo "2044"]
[PlyCount "36"]
[EventDate "2015.01.31"]
[EventType "swiss"]
[EventRounds "5"]
[EventCountry "GGB"]
[SourceTitle "CBM 164 Extra"]
[Source "ChessBase"]
[SourceDate "2015.03.02"]
[SourceVersion "1"]
[SourceVersionDate "2015.03.02"]
[SourceQuality "1"]

1. d4 Nf6 2. Nf3 c5 3. g3 b6 4. Bg2 Bb7 5. 0-0 cxd4 6. Qxd4 g6 7. c3 Bg7 8. Qh4 d6 9. Na3 Nbd7 10. Rd1 a6 11. Bh6 0-0 12. Bxg7 Kxg7 13. Nc2 Qc7 14. Ne3 Rac8 15. Qg5 Qc5 16. Qxc5 Nxc5 17. Nd2 Bxg2 18. Kxg2 b5 1/2-1/2

[Event "Gibraltar Masters 11th"]
[Site "Caleta"]
[Date "2013.01.30"]
[Round "9"]
[White "Openshaw, David"]
[Black "Byrn, Carsten"]
[Result "1-0"]
[WhiteElo "1923"]
[BlackElo "2114"]
[PlyCount "77"]
[EventDate "2013.01.22"]
[EventType "swiss"]
[EventRounds "10"]
[EventCountry "GGB"]
[SourceTitle "CBM 153"]
[Source "ChessBase"]
[SourceDate "2013.03.14"]
[SourceVersion "1"]
[SourceVersionDate "2013.03.14"]
[SourceQuality "1"]

1. e4 c5 2. Nf3 Nc6 3. d4 cxd4 4. Nxd4 Nf6 5. Nc3 d6 6. Bg5 e6 7. Qd2 a6 8. f3 Bd7 9. 0-0-0 h6 10. Be3 h5 11. Kb1 Qc7 12. Nxc6 Bxc6 13. Ne2 b5 14. Nd4 Bb7 15. g3 Be7 16. Bg2 Nd7 17. Bg5 Ne5 18. Bxe7 Qxe7 19. Rhe1 0-0-0 20. Qb4 Qc7 21. Bf1 Nc6 22. Nxc6 Qxc6 23. Rd3 Kb8 24. Rc3 Qb6 25. a4 d5 26. axb5 dxe4 27. fxe4 Rd4 28. Qc5 Qxc5 29. Rxc5 axb5 30. Rxb5 Kc7 31. Bd3 h4 32. g4 Rhd8 33. Rh5 Ra8 34. Rxh4 Rda4 35. Kc1 Ra1+ 36. Kd2 Rxe1 37. Kxe1 Kd6 38. Kd2 Ke5 39. g5 1-0

[Event "Gibraltar Masters 11th"]
[Site "Caleta"]
[Date "2013.01.29"]
[Round "8"]
[White "Byrn, Carsten"]
[Black "Hutton, Jack"]
[Result "0-1"]
[WhiteElo "2114"]
[BlackElo "2017"]
[PlyCount "82"]
[EventDate "2013.01.22"]
[EventType "swiss"]
[EventRounds "10"]
[EventCountry "GGB"]
[SourceTitle "CBM 153"]
[Source "ChessBase"]
[SourceDate "2013.03.14"]
[SourceVersion "1"]
[SourceVersionDate "2013.03.14"]
[SourceQuality "1"]

1. d4 Nf6 2. c4 e6 3. Nc3 Bb4 4. Nf3 d5 5. cxd5 exd5 6. Bg5 h6 7. Bxf6 Qxf6 8. e3 c5 9. Bb5+ Nc6 10. 0-0 Bxc3 11. bxc3 a6 12. Bxc6+ bxc6 13. dxc5 Bg4 14. Qd4 Bxf3 15. Qxf6 gxf6 16. gxf3 Rb8 17. Rfb1 Kd7 18. a4 Kc7 19. Kg2 a5 20. f4 Rhe8 21. Kf3 Rxb1 22. Rxb1 Re4 23. Kg4 Rxa4 24. Rb2 Rc4 25. Kf5 Rxc3 26. Kxf6 Rxc5 27. Kxf7 d4 28. e4 d3 29. Rd2 Rc4 30. f3 Rd4 31. f5 c5 32. e5 c4 33. e6 c3 34. Rxd3 Rxd3 35. e7 Re3 36. f6 c2 37. e8Q Rxe8 38. Kxe8 c1Q 39. f7 Qe3+ 40. Kf8 Qxf3 41. Ke8 Qf5 0-1

[Event "Gibraltar Challengers-B 11th"]
[Site "Caleta"]
[Date "2013.01.28"]
[Round "3"]
[White "Byrn, Carsten"]
[Black "Gonzalvez Perales, Jose Luis"]
[Result "1/2-1/2"]
[WhiteElo "2114"]
[BlackElo "1984"]
[PlyCount "101"]
[EventDate "2013.01.26"]
[EventType "swiss"]
[EventRounds "5"]
[EventCountry "GGB"]
[SourceTitle "EXT 2014"]
[Source "ChessBase"]
[SourceDate "2013.11.20"]
[SourceVersion "1"]
[SourceVersionDate "2013.11.20"]
[SourceQuality "1"]

1. d4 Nf6 2. c4 c5 3. d5 b5 4. Nf3 d6 5. Qc2 bxc4 6. e4 g6 7. Na3 Bg7 8. Nxc4 0-0 9. Be2 e6 10. dxe6 Bxe6 11. 0-0 Nxe4 12. Qxe4 d5 13. Qc2 dxc4 14. Bxc4 Bf5 15. Qa4 Nd7 16. Bg5 Qc7 17. Bf4 Nb6 18. Bxc7 Nxa4 19. Be5 Nxb2 20. Bxg7 Kxg7 21. Rfc1 Rac8 22. h3 Rfd8 23. g4 Bd3 24. Bxd3 Rxd3 25. Kg2 c4 26. Rc2 c3 27. Rb1 a5 28. h4 h6 29. g5 hxg5 30. hxg5 a4 31. Rbc1 Rc5 32. Ne1 Rd1 33. f4 a3 34. Kf3 Rxc1 35. Rxc1 f6 36. Ke4 fxg5 37. fxg5 Na4 38. Nf3 Rb5 39. Rc2 Rb2 40. Nd4 Nc5+ 41. Kd5 Nb3 42. Rxc3 Nxd4 43. Rc7+ Kf8 44. Kxd4 Rxa2 45. Ke5 Rf2 46. Ra7 Rf5+ 47. Ke4 Rxg5 48. Rxa3 Kg7 49. Kf4 Rb5 50. Ra7+ Kh6 51. Ra8 1/2-1/2

[Event "Gibraltar Challengers-A 11th"]
[Site "Caleta"]
[Date "2013.01.21"]
[Round "1"]
[White "Tveten, Per"]
[Black "Byrn, Carsten"]
[Result "0-1"]
[WhiteElo "1597"]
[BlackElo "2114"]
[PlyCount "84"]
[EventDate "2013.01.21"]
[EventType "swiss"]
[EventRounds "5"]
[EventCountry "GGB"]
[SourceTitle "EXT 2014"]
[Source "ChessBase"]
[SourceDate "2013.11.20"]
[SourceVersion "1"]
[SourceVersionDate "2013.11.20"]
[SourceQuality "1"]

1. e4 c5 2. c4 Nc6 3. Nc3 g6 4. Nf3 Bg7 5. Be2 d6 6. h3 e5 7. d3 Nge7 8. Nd5 Nxd5 9. cxd5 Ne7 10. 0-0 0-0 11. Be3 h6 12. Qd2 Kh7 13. Nh2 f5 14. f4 exf4 15. Bxf4 g5 16. Bg3 f4 17. Be1 Ng6 18. Nf3 Ne5 19. Nxe5 Bxe5 20. Rb1 a5 21. a3 b6 22. Bf2 Qf6 23. b4 axb4 24. axb4 Rf7 25. Rfd1 Rfa7 26. bxc5 Ra2 27. Qe1 bxc5 28. Kh1 h5 29. Rd2 Rxd2 30. Qxd2 g4 31. Bf1 Bc3 32. Qc2 Be5 33. Rd1 Kg7 34. Rb1 Qd8 35. Qd1 Qf6 36. Qc2 Qf7 37. Rd1 Qa7 38. Qc4 Qa2 39. d4 Qxc4 40. Bxc4 cxd4 41. Bxd4 Bxd4 42. Rxd4 Ra1+ 0-1

[Event "Gibraltar Challengers-B 8th"]
[Site "Caleta"]
[Date "2010.02.02"]
[Round "3"]
[White "Byrn, Carsten"]
[Black "Demac, Elias"]
[Result "1/2-1/2"]
[WhiteElo "2171"]
[BlackElo "2104"]
[PlyCount "93"]
[EventDate "2010.01.31"]
[EventType "swiss"]
[EventRounds "5"]
[EventCountry "GGB"]
[SourceTitle "EXT 2011"]
[Source "ChessBase"]
[SourceDate "2010.11.26"]
[SourceVersion "1"]
[SourceVersionDate "2010.11.26"]
[SourceQuality "1"]

1. d4 Nf6 2. c4 g6 3. Nc3 Bg7 4. e4 d6 5. Nf3 0-0 6. h3 e5 7. d5 a5 8. Bg5 h6 9. Be3 Na6 10. Nd2 Nh7 11. g4 Nc5 12. Rg1 Bd7 13. Nb3 Nxb3 14. Qxb3 b6 15. Qd1 Kh8 16. f3 f5 17. Bg2 b5 18. cxb5 fxe4 19. fxe4 h5 20. Kd2 hxg4 21. hxg4 Qh4 22. Bf3 Bh6 23. Bxh6 Qxh6+ 24. Kc2 Qe3 25. Be2 Rf4 26. Qd3 Qc5 27. Raf1 Raf8 28. Rxf4 Rxf4 29. Rh1 Kg8 30. Qh3 Rf7 31. Qh4 Qe3 32. g5 Rg7 33. Bg4 Bxg4 34. Qxg4 Qxg5 35. Qe6+ Kh8 36. Qc8+ Rg8 37. Rxh7+ Kxh7 38. Qxc7+ Rg7 39. Qxa5 Qe3 40. Qd8 g5 41. Qxd6 Qd4 42. Qf6 Rg6 43. Qf7+ Kh6 44. Qf8+ Kh5 45. Qf5 Kh6 46. Qf8+ Kh5 47. Qf5 1/2-1/2